Marcadores del discurso

Guardat en:
Dades bibliogràfiques
Autor principal: Portolés, José (Autor)
Format: Llibre
Idioma:espanyol
Publicat: Barcelona Ariel 2001
Edició:2a. ed
Col·lecció:Colección Ariel Letras
Matèries:
Etiquetes: Afegir etiqueta
Sense etiquetes, Sigues el primer a etiquetar aquest registre!

MARC

LEADER 00000cam a2200000 a 4500
001 UCM7026
003 CL-VaPUC
008 021129e20011100SP |||||||||||||||||spa|d
020 |a 8434482746 
082 0 4 |a 401.41  |b POR  |2 21 
100 0 |a Portolés, José  |e author  |9 472774 
245 1 0 |a Marcadores del discurso 
250 |a 2a. ed 
300 |a 183 p 
942 |c BK 
945 |d 20021129 00:00:00  |a vberengu 
260 |a Barcelona  |b Ariel  |c 2001 
650 0 |a Lingüística  |9 265068 
650 0 |a Análisis del discurso  |9 256696 
650 0 |a Gramática  |9 270497 
583 |a last modification  |c 20171113 01:00:32  |k Rodrigo Vera 
490 0 |a Colección Ariel Letras 
999 |c 302061  |d 302059 
952 |0 0  |1 0  |4 0  |6 401_410000000000000_POR_2001  |7 0  |8 A  |9 362068  |a FDOPOS  |b FDOPOS  |d 2019-11-21  |i 3859495  |o 401.41 POR 2001  |p 3859495  |r 2025-01-22  |w 2019-11-21  |y BK  |k MLA 
952 |0 0  |1 0  |4 0  |6 401_410000000000000_POR_2001  |7 0  |8 A  |9 362069  |a FDOPOS  |b BIBEDU  |d 2019-11-21  |i 4029933  |l 1  |o 401.41 POR 2001  |p 4029933  |r 2025-01-22  |s 2024-09-11  |w 2019-11-21  |y BK  |k MLA 
952 |0 0  |1 0  |3 erb  |4 0  |6 401_410000000000000_POR_2001  |7 0  |8 A  |9 362070  |a BIBCUR  |b BIBCUR  |i 5335396  |o 401.41 POR 2001  |p 5335396  |r 2025-04-22  |w 2019-11-21  |y BK  |z Catalogado en:20160807  |k PER 
952 |0 0  |1 0  |3 erb  |4 0  |6 401_410000000000000_POR_2001  |7 0  |8 A  |9 362071  |a BIBCUR  |b BIBCUR  |i 5435919  |o 401.41 POR 2001  |p 5435919  |r 2025-04-22  |w 2019-11-21  |y BK  |z Catalogado en:20171117  |k PER